| 000 | 00000nam##2200000za#4500 |
| 001 | 9.601911 |
| 003 | CaOODSP |
| 005 | 20210624210313 |
| 007 | cr ||||||||||| |
| 008 | 150406|1998||||xxc|||||o f|0| 0 fre|d |
| 040 | |aCaOODSP|bfre |
| 043 | |an-cn--- |
| 086 | 1 |aTU3-5/98-15F-PDF |
| 110 | 2 |aBureau de la sécurité des transports du Canada. |
| 245 | 10|aPerte de puissance/perte de maîtrise - Yukon Helicopters Ltd., (Hélicoptère) Hughes 369HS C-FZXC, Waasagomach (Manitoba), 23 avril 1998 |h[ressource électronique] |
| 260 | |aGatineau - Québec : |bBureau de la sécurité des transports du Canada |c[1999]. |
| 300 | |a11p. |
| 490 | 1 |aRapport d'enquête aéronautique |vA98C0070 |
| 590 | |a12-01-Supp|b2012-01-13 |
| 775 | 08|tLoss of power/loss of control - Yukon Helicopters Ltd., Hughes 369HS C-FZXC (Helicopter), Waasagomach, Manitoba, 23 April 1998 |w(CaOODSP)9.571295 |
| 830 | #0|aRapport d'enquête aéronautique ;|vA98C0070|w(CaOODSP)9.501229 |
| 856 | 40|ahttp://publications.gc.ca|qPDF|s93 Ko|uhttps://publications.gc.ca/collections/collection_2011/bst-tsb/TU3-5-98-15-fra.pdf|yA98C0070 |